Bienvenue au Catalogue en Ligne des Bibliothèques de l'Universite du Burundi

Normal view MARC view

Entry Topical Term

Number of records used in: 1

001 - CONTROL NUMBER

  • control field: 55939

003 - CONTROL NUMBER IDENTIFIER

  • control field: BI-BuBU

005 - DATE AND TIME OF LATEST TRANSACTION

  • control field: 20120514094142.0

008 - FIXED-LENGTH DATA ELEMENTS

  • fixed length control field: 120514|||a|||||| | ||| d

040 ## - CATALOGING SOURCE

  • Original cataloging agency: BI-BuBU
  • Transcribing agency: BI-BuBU

150 ## - HEADING--TOPICAL TERM

  • Topical term or geographic name as entry element: Langage
  • General subdivision: Etude
  • Geographic subdivision: Tanzanie

670 ## - SOURCE DATA FOUND

  • Source citation: Work cat.: (BI-BuBU): aut Institute for the Sudy of Language and culture of Asia and Africa. Tokyo 55937, Studies in Tanzanian languages, 1989

670 ## - SOURCE DATA FOUND

  • Source citation: Work cat.: (BI-BuBU): aut Institute for the Sudy of Language and culture of Asia and Africa. Tokyo 55937, Studies in Tanzanian languages, 1989
© 2019-2026 - Bibliothèques de l'Université du Burundi |Tous droits réservés
home | Pour toute information urgente Contactez nous | tel whatsupp: +25779204313